000 01156nam1a2200313 i 4500
001 RU\NLR\bibl\978753
005 20260406045606.0
035 _a(NLR Aleph) 000966669
090 _a373369
_c373369
100 _a20060828g20069999u y0rusy50 ca
101 0 _arus
102 _aRU
105 _ay |||||||||
200 1 _aГражданское право
_eучебник
_eв 3 т.
_fА.Н. Гуев
210 _aМосква
_cЭкзамен
_d2006
215 _d22
225 1 _aСерия "Учебник для вузов"
300 _aНа 4-й с. обл. авт.: А.Н. Гуев - к.ю.н., доц.
463 0 _1001969747
463 0 _1001970362
463 0 _1001983666
606 1 _aГражданское право
_jУчебники для высших учебных заведений
_yРоссийская Федерация
_92073647
_3RU\NLR\auth\661248570
686 _aХ623я73
700 1 _4070
_8rus
_7ca
_aГуев
_bА. Н.
_gАлексей Николаевич
_3RU\NLR\auth\775250
_9115216
801 0 _aRU
_bNLR
_c20060828
_grcr
801 1 _aRU
_bNLR
_c20060828
852 _aNLR
_j2006-5/5166
942 _cBOOK